000 00306nam a2200133Ia 4500
100 _aWhiteside /L.W
942 _cBK
654 _aManagement
245 _aEffective Management Techniques for Getting Things Done
260 _bVikas
_aDelhi
_c1971
082 _a658.3
300 _a213
546 _aENGLISH
999 _c31642
_d31642